Challenges of the Slovak Government in 2025

Opísanie a rozbor nedávnych výziev a problémov súčasnej slovenskej vlády.

Gespeichert in:
Bibliographische Detailangaben
1. Verfasser: Csányi, Peter, 1978-
Format: Buchkapitel
Sprache:Englisch
Schlagworte:
Tags: Tag hinzufügen
Keine Tags, Fügen Sie das erste Tag hinzu!

MARC

LEADER 00000naa$a2200000$$$4500
001 0312131
005 20251002102047.1
041 0 |a eng 
044 |a SK 
245 1 0 |a Challenges of the Slovak Government in 2025  |c Peter Csányi 
520 |a Opísanie a rozbor nedávnych výziev a problémov súčasnej slovenskej vlády. 
610 2 0 |a Slovensko 
610 2 0 |a strany politické 
610 2 0 |a parlamenty 
610 2 0 |a koalícia 
610 2 0 |a vláda 
610 2 0 |a premiér 
100 1 |a Csányi, Peter, 1978-